Media aur hindi (Record no. 136897)

MARC details
000 -LEADER
fixed length control field 00732nam a2200253Ia 4500
003 - CONTROL NUMBER IDENTIFIER
control field OSt
005 - DATE AND TIME OF LATEST TRANSACTION
control field 20260409160208.0
008 - FIXED-LENGTH DATA ELEMENTS--GENERAL INFORMATION
fixed length control field 210210b2008 xxu||||| |||| 00| 0 eng d
020 ## - INTERNATIONAL STANDARD BOOK NUMBER
International Standard Book Number 8188554316
040 ## - CATALOGING SOURCE
Transcribing agency AL
041 ## - LANGUAGE CODE
Language code of text/sound track or separate title Hindi
082 ## - DEWEY DECIMAL CLASSIFICATION NUMBER
Classification number H891.8 KHAM
100 ## - MAIN ENTRY--PERSONAL NAME
Personal name KHARATE (Madhu)
Dates associated with a name खराटे (मधु)
9 (RLIN) 261164
245 ## - TITLE STATEMENT
Title Media aur hindi
Remainder of title मीडिया और हिंदी
260 ## - PUBLICATION, DISTRIBUTION, ETC.
Place of publication, distribution, etc. Kanpur
Name of publisher, distributor, etc. Vidya Prakashan
Date of publication, distribution, etc. 2008
300 ## - PHYSICAL DESCRIPTION
Extent 200
650 ## - SUBJECT ADDED ENTRY--TOPICAL TERM
Topical term or geographic name entry element Midiya
9 (RLIN) 261165
650 ## - SUBJECT ADDED ENTRY--TOPICAL TERM
Topical term or geographic name entry element hindi
9 (RLIN) 261166
650 ## - SUBJECT ADDED ENTRY--TOPICAL TERM
Topical term or geographic name entry element aur
9 (RLIN) 261167
690 ## - LOCAL SUBJECT ADDED ENTRY--TOPICAL TERM (OCLC, RLIN)
Topical term or geographic name as entry element Hindi Miscellaneous
9 (RLIN) 261168
700 ## - ADDED ENTRY--PERSONAL NAME
Personal name PATIL (Hanmanth Rao)
Dates associated with a name पाटिल (हनमंत राव)
9 (RLIN) 261169
906 ## - LOCAL DATA ELEMENT F, LDF (RLIN)
a 063526
942 ## - ADDED ENTRY ELEMENTS (KOHA)
Source of classification or shelving scheme Dewey Decimal Classification
Koha item type Book
Holdings
Withdrawn status Lost status Source of classification or shelving scheme Damaged status Not for loan Collection code Home library Current library Shelving location Date acquired Source of acquisition Cost, normal purchase price Total Checkouts Full call number Barcode Date last seen Date last checked out Price effective from Koha item type
    Dewey Decimal Classification     Hindi St Aloysius Library St Aloysius Library   02/17/2021 Alka Prakashan Kanpur-208007 300.00 1 H891.8 KHAM 063526 05/12/2026 05/06/2026 02/17/2021 Book
    Dewey Decimal Classification     Hindi St Aloysius Library St Aloysius Library   02/17/2021 Alka Prakashan Kanpur-208007 300.00   H891.8 KARM 064013 02/17/2021   02/17/2021 Book